Planeación estratégica por áreas funcionales: Guía práctica.
Kaydedildi:
| Yazar: | |
|---|---|
| Diğer Yazarlar: | |
| Materyal Türü: | Kitap |
| Baskı/Yayın Bilgisi: |
México D.F., México:
Alfaomega,
2012.
|
| Edisyon: | Primera edición. |
| Konular: | |
| Etiketler: |
Etiketle
Etiket eklenmemiş, İlk siz ekleyin!
|
MARC
| LEADER | 00000nam a22000007a 4500 | ||
|---|---|---|---|
| 003 | CL-VaPUC | ||
| 005 | 20250407202438.0 | ||
| 008 | 250307t2012 ||||| |||| 00| 0 eng d | ||
| 999 | |c 447156 |d 447154 | ||
| 020 | |a 978-607-707-427-4 | ||
| 040 | |c Pontificia Universidad Católica de Valparaíso | ||
| 082 | |a 658.4012 LER 2012 | ||
| 100 | |9 582159 |a Lerma y Kirchner, Alejandro Eugenio |e autor | ||
| 245 | |a Planeación estratégica por áreas funcionales: |b Guía práctica. | ||
| 250 | |a Primera edición. | ||
| 260 | |a México D.F., México: |b Alfaomega, |c 2012. | ||
| 300 | |a 328 páginas: |b ilustraciones. | ||
| 500 | |a c.1-c.2. Instituto Arcos.08-01-2025 | ||
| 583 | |c 20250307 |k Gabriela Rodríguez Cuevas | ||
| 650 | 0 | |9 259735 |a Planificación estratégica |x Organizaciones y empresas |v Guía práctica | |
| 700 | |9 582160 |a Bárcena Juárez, Sergio |e autor | ||
| 942 | |2 ddc |c BK |n 0 | ||
| 952 | |0 0 |1 0 |2 ddc |4 0 |6 658_401200000000000_LER_2012 |7 0 |8 A |9 600732 |a BIBINC |b BIBINC |d 2025-03-07 |e Instituto Arcos |i 5665600 |o 658.4012 LER 2012 |p 5665600 |r 2025-03-07 |t 1 |w 2025-03-07 |y BK |k IFP | ||
| 952 | |0 0 |1 0 |2 ddc |4 0 |6 658_401200000000000_LER_2012 |7 0 |8 A |9 600733 |a BIBINC |b BIBINC |d 2025-03-07 |e Instituto Arcos |i 5665601 |o 658.4012 LER 2012 |p 5665601 |r 2025-03-07 |t 2 |w 2025-03-07 |y BK |k IFP | ||
| 952 | |0 0 |1 0 |2 ddc |4 0 |6 658_401200000000000_LER_2012 |7 0 |8 A |9 600734 |a BIBINC |b BIBINC |d 2025-03-07 |e Instituto Arcos |i 5665602 |o 658.4012 LER 2012 |p 5665602 |r 2025-03-07 |t 3 |w 2025-03-07 |y BK |k IFP | ||